Carleton's Histological Techniques: (Record no. 367)

MARC details
000 -LEADER
fixed length control field 00663nam a22002177a 4500
003 - CONTROL NUMBER IDENTIFIER
control field OSt
005 - DATE AND TIME OF LATEST TRANSACTION
control field 20191011155310.0
008 - FIXED-LENGTH DATA ELEMENTS--GENERAL INFORMATION
fixed length control field 140904b xxu||||| |||| 00| 0 eng d
020 ## - INTERNATIONAL STANDARD BOOK NUMBER
International Standard Book Number 978-0781751247
020 ## - INTERNATIONAL STANDARD BOOK NUMBER
International Standard Book Number 88192613103
040 ## - CATALOGING SOURCE
Transcribing agency DLC
082 ## - DEWEY DECIMAL CLASSIFICATION NUMBER
Classification number QS 504 R734c 2003
100 ## - MAIN ENTRY--PERSONAL NAME
Personal name Ross Michael H.; Romrell, Lynn J.; Kaye, Gordon I.
9 (RLIN) 943
245 ## - TITLE STATEMENT
Title Carleton's Histological Techniques:
Remainder of title text and atlas
250 ## - EDITION STATEMENT
Edition statement 3rd ed.
260 ## - PUBLICATION, DISTRIBUTION, ETC. (IMPRINT)
Place of publication, distribution, etc. New Dlhi;
Name of publisher, distributor, etc. Lippincott Williams & Wilkins,
Date of publication, distribution, etc. 2003
300 ## - PHYSICAL DESCRIPTION
Extent xiii, 823 p. :
Other physical details col.ill;
Dimensions 29 cm
Accompanying material CD
504 ## - BIBLIOGRAPHY, ETC. NOTE
Bibliography, etc Includes bibliographical references and Index
650 ## - SUBJECT ADDED ENTRY--TOPICAL TERM
Topical term or geographic name as entry element Histology
9 (RLIN) 194
942 ## - ADDED ENTRY ELEMENTS (KOHA)
Source of classification or shelving scheme Other/Generic Classification Scheme
Koha item type Book Bank
Holdings
Withdrawn status Lost status Source of classification or shelving scheme Damaged status Not for loan Home library Current library Date acquired Source of acquisition Inventory number Total Checkouts Full call number Barcode Date last seen Price effective from Koha item type
    Other/Generic Classification Scheme     MUST Main Library MUST Main Library 04/09/2014   2012/36571   QS 504 R734c 2003 2014-2466 04/09/2014 04/09/2014 Book Bank
    Other/Generic Classification Scheme     MUST Main Library MUST Main Library 04/09/2014   2012/36572   QS 504 R734c 2003 2014-2467 04/09/2014 04/09/2014 Book Bank
    Other/Generic Classification Scheme     MUST Main Library MUST Main Library 04/09/2014   2012/36569   QS 504 R734c 2003 2014-2468 04/09/2014 04/09/2014 Book Bank
    Other/Generic Classification Scheme     MUST Main Library MUST Main Library 04/09/2014   2012/36570   QS 504 R734c 2003 2014-2469 04/09/2014 04/09/2014 Book Bank